[Event "Polanica Zdroj op-B 56th"]
[Site "Polanica Zdroj"]
[Date "2020.08.23"]
[Round "9"]
[White "Zyla, Janusz"]
[Black "Kwiek, Janusz"]
[Result "1-0"]
[WhiteElo "2172"]
[BlackElo "1476"]
[PlyCount "149"]
[EventDate "2020.08.15"]
[EventType "swiss"]
[EventRounds "9"]
[EventCountry "POL"]
[SourceTitle "CBM 198 Extra"]
[Source "ChessBase"]
[SourceDate "2020.11.30"]
[SourceVersion "1"]
[SourceVersionDate "2020.11.30"]
[SourceQuality "1"]

1. e4 d6 2. d4 Nf6 3. Nc3 e5 4. Nf3 exd4 5. Nxd4 Be7 6. Be2 0-0 7. 0-0 Bd7 8. b3 Nc6 9. Bb2 Nxd4 10. Qxd4 c5 11. Qe3 Ng4 12. Bxg4 Bxg4 13. Nd5 Be6 14. Qg3 f6 15. Rad1 Rf7 16. Nxe7+ Qxe7 17. Qxd6 Qxd6 18. Rxd6 Re7 19. c4 Kf8 20. a4 Ke8 21. Rfd1 Bd7 22. e5 fxe5 23. R6d5 b6 24. Rxe5 Rxe5 25. Bxe5 g6 26. Rd2 Bf5 27. Bf6 Kf7 28. Bg5 Re8 29. Kf1 Kg7 30. f3 h6 31. Bf4 g5 32. Bc7 Re7 33. Bb8 Rb7 34. Be5+ Kf7 35. g4 Be6 36. Ke2 Re7 37. Bd6 Rd7 38. Bb8 Rb7 39. Rd8 a6 40. Rh8 Kg6 41. h4 gxh4 42. Bf4 Rh7 43. Rb8 h5 44. Rxb6 hxg4 45. Rxe6+ Kf5 46. Re4 h3 47. Ke3 gxf3 48. Bh2 Rb7 49. Kxf3 Rxb3+ 50. Re3 Rb2 51. Re5+ Kf6 52. Re2 Rb4 53. Rc2 Rxa4 54. Kg4 Ra3 55. Bd6 Ra5 56. Bc7 Ra3 57. Bd6 Ra5 58. Kxh3 Kf5 59. Re2 Ra3+ 60. Kg2 Rc3 61. Re5+ Kg4 62. Rxc5 Rc2+ 63. Kf1 Kf3 64. Ke1 Ke3 65. Re5+ Kd4 66. c5 a5 67. Kd1 Rc4 68. Rh5 Kc3 69. Rh3+ Kb2 70. Be5+ Kb1 71. Rc3 Re4 72. c6 Rxe5 73. c7 Re8 74. c8Q Rxc8 75. Rxc8 1-0

[Event "Polanica Zdroj op-B 56th"]
[Site "Polanica Zdroj"]
[Date "2020.08.16"]
[Round "2"]
[White "Rychlik, Bogdan"]
[Black "Zyla, Janusz"]
[Result "0-1"]
[WhiteElo "1638"]
[BlackElo "2172"]
[PlyCount "80"]
[EventDate "2020.08.15"]
[EventType "swiss"]
[EventRounds "9"]
[EventCountry "POL"]
[SourceTitle "CBM 198 Extra"]
[Source "ChessBase"]
[SourceDate "2020.11.30"]
[SourceVersion "1"]
[SourceVersionDate "2020.11.30"]
[SourceQuality "1"]

1. e4 c5 2. Nf3 Nc6 3. d4 cxd4 4. Nxd4 g6 5. Nxc6 bxc6 6. Qd4 Nf6 7. e5 Nd5 8. e6 f6 9. exd7+ Bxd7 10. Bc4 e5 11. Qd1 Be6 12. Qe2 Qd7 13. 0-0 Bc5 14. Kh1 0-0 15. Bh6 Rfe8 16. Nd2 Qf7 17. Ne4 Be7 18. Be3 Nxe3 19. Bxe6 Qxe6 20. Qxe3 f5 21. Nc5 Qd5 22. Na4 Red8 23. Nc3 Qd4 24. Qe2 Bf6 25. Qa6 Qb6 26. Qc4+ Kg7 27. Ne2 Rd2 28. Rab1 Qb5 29. Qxb5 cxb5 30. Nc3 b4 31. Na4 Rxc2 32. Rbd1 e4 33. Rd7+ Kh6 34. Rb7 a5 35. h3 Rd8 36. a3 bxa3 37. bxa3 Rdd2 38. Rb6 Bd4 39. Rd6 Bxf2 40. Rxd2 Rxd2 0-1

[Event "Polanica Zdroj op-B 56th"]
[Site "Polanica Zdroj"]
[Date "2020.08.15"]
[Round "1"]
[White "Zyla, Janusz"]
[Black "Staroniewicz, Janusz"]
[Result "1-0"]
[WhiteElo "2172"]
[BlackElo "1557"]
[PlyCount "41"]
[EventDate "2020.08.15"]
[EventType "swiss"]
[EventRounds "9"]
[EventCountry "POL"]
[SourceTitle "CBM 198 Extra"]
[Source "ChessBase"]
[SourceDate "2020.11.30"]
[SourceVersion "1"]
[SourceVersionDate "2020.11.30"]
[SourceQuality "1"]

1. e4 e5 2. Nf3 Nc6 3. d4 exd4 4. c3 dxc3 5. Nxc3 Bb4 6. Bc4 Nf6 7. e5 Bxc3+ 8. bxc3 Qe7 9. 0-0 Ne4 10. Re1 Nxc3 11. Qd3 Nxa2 12. Bxa2 Nb4 13. Qc4 0-0 14. Bg5 d5 15. exd6 Qxd6 16. Be7 Be6 17. Bxd6 Bxc4 18. Bxb4 Bxa2 19. Bxf8 Bd5 20. Bc5 b6 21. Rxa7 1-0

[Event "EU-ch rapid"]
[Site "Wroclaw"]
[Date "2014.12.21"]
[Round "11"]
[White "Georgiadis, Nico"]
[Black "Zyla, Janusz"]
[Result "1-0"]
[WhiteElo "2465"]
[BlackElo "2183"]
[PlyCount "77"]
[EventDate "2014.12.20"]
[EventType "swiss (rapid)"]
[EventRounds "11"]
[EventCountry "POL"]
[SourceTitle "CBM 164 Extra"]
[Source "ChessBase"]
[SourceDate "2015.03.02"]
[SourceVersion "1"]
[SourceVersionDate "2015.03.02"]
[SourceQuality "1"]

1. Nf3 d5 2. b3 Bf5 3. Bb2 e6 4. g3 h6 5. Bg2 Nf6 6. 0-0 Nbd7 7. d3 Be7 8. Nbd2 0-0 9. c4 a5 10. a3 c6 11. Qc2 Qb8 12. e4 Bh7 13. Rfe1 dxe4 14. dxe4 Nc5 15. Rad1 Rd8 16. Ne5 Qc7 17. Re2 Qb6 18. Rb1 Rd6 19. b4 axb4 20. axb4 Qxb4 21. Nxc6 bxc6 22. Bxf6 Qxb1+ 23. Qxb1 Bxf6 24. Qb4 Rad8 25. Qxc5 Rxd2 26. Rxd2 Rxd2 27. Qxc6 Bg6 28. h4 Bd4 29. Kh2 Bxf2 30. e5 Rd3 31. Bf3 Bd4 32. Qa8+ Kh7 33. Be4 Rd2+ 34. Kh3 Re2 35. Bxg6+ Kxg6 36. Qf3 Rd2 37. Qe4+ f5 38. exf6+ Kxf6 39. Qf4+ 1-0

[Event "EU-ch rapid"]
[Site "Wroclaw"]
[Date "2014.12.20"]
[Round "2"]
[White "Zyla, Janusz"]
[Black "Volokitin, Andrei"]
[Result "0-1"]
[WhiteElo "2183"]
[BlackElo "2626"]
[PlyCount "66"]
[EventDate "2014.12.20"]
[EventType "swiss (rapid)"]
[EventRounds "11"]
[EventCountry "POL"]
[SourceTitle "CBM 164 Extra"]
[Source "ChessBase"]
[SourceDate "2015.03.02"]
[SourceVersion "1"]
[SourceVersionDate "2015.03.02"]
[SourceQuality "1"]

1. d4 Nf6 2. Nf3 g6 3. c4 Bg7 4. Nc3 d5 5. Bg5 dxc4 6. e3 c5 7. dxc5 Qa5 8. Bxc4 Qxc5 9. Qd4 Nbd7 10. 0-0 0-0 11. b4 Qxd4 12. Nxd4 Ne5 13. Bb3 Bd7 14. Rfd1 Rac8 15. Bxf6 Bxf6 16. Nd5 Kg7 17. Rac1 Rxc1 18. Rxc1 Nd3 19. Rc7 Rc8 20. Rxc8 Bxc8 21. Bc2 Bxd4 22. Bxd3 Bb2 23. Nxe7 Be6 24. Be4 Kf6 25. Ng8+ Ke5 26. Bxb7 Kd6 27. e4 Bxa2 28. f4 f5 29. e5+ Kc7 30. Nf6 Kxb7 31. Nxh7 Ba3 32. Nf8 Bf7 33. e6 Bxb4 0-1

[Event "Wroclaw Anderssen Memorial op-B 22nd"]
[Site "Wroclaw"]
[Date "2013.06.30"]
[Round "3"]
[White "Michalski, Filip"]
[Black "Zyla, Janusz"]
[Result "0-1"]
[WhiteElo "1654"]
[BlackElo "2190"]
[PlyCount "114"]
[EventDate "2013.06.30"]
[EventType "swiss"]
[EventRounds "7"]
[EventCountry "POL"]
[SourceTitle "EXT 2014"]
[Source "ChessBase"]
[SourceDate "2013.11.20"]
[SourceVersion "1"]
[SourceVersionDate "2013.11.20"]
[SourceQuality "1"]

1. e4 c5 2. c3 d5 3. exd5 Qxd5 4. d4 Nf6 5. Nf3 e6 6. Be2 Be7 7. 0-0 Nc6 8. Be3 cxd4 9. cxd4 0-0 10. Nc3 Qd6 11. a3 a6 12. Qb3 b5 13. Rfd1 Bb7 14. Qc2 Rac8 15. b4 Qb8 16. Qb3 Rfd8 17. Rac1 Nd5 18. Ne4 Nxe3 19. Qxe3 a5 20. Bxb5 axb4 21. axb4 Nxb4 22. Rxc8 Rxc8 23. Ne5 Bxe4 24. Bd7 Bc2 25. Bxc8 Bxd1 26. Qf4 Bf6 27. Qc1 Bc2 28. Bd7 Bxe5 29. dxe5 Qxe5 30. h3 Qd6 31. Qb2 Qxd7 32. Qxb4 h6 33. Qb8+ Kh7 34. Qb2 Bf5 35. Kh2 Qc7+ 36. Kg1 Qc2 37. Qb7 Kg6 38. Qf3 Qd3 39. Qf4 Qe2 40. Qg3+ Kh7 41. Qc7 f6 42. Qb6 e5 43. Qc5 Be4 44. f3 Bf5 45. Kh2 Qd2 46. Qb5 Qf4+ 47. Kg1 e4 48. fxe4 Bxe4 49. Qb2 Qg3 50. Qd2 Qxg2+ 51. Qxg2 Bxg2 52. Kxg2 Kg6 53. Kf3 Kf5 54. Kg3 Ke4 55. Kg4 g6 56. h4 f5+ 57. Kg3 Ke3 0-1

[Event "Wroclaw Anderssen Memorial op 22nd"]
[Site "Wroclaw"]
[Date "2013.06.29"]
[Round "9"]
[White "Zyla, Janusz"]
[Black "Zmarzly, Aleksandra"]
[Result "1-0"]
[WhiteElo "2190"]
[BlackElo "2030"]
[PlyCount "51"]
[EventDate "2013.06.29"]
[EventType "swiss (rapid)"]
[EventRounds "9"]
[EventCountry "POL"]
[SourceTitle "CBM 155 Extra"]
[Source "ChessBase"]
[SourceDate "2013.08.26"]
[SourceVersion "1"]
[SourceVersionDate "2013.08.26"]
[SourceQuality "1"]

1. d4 Nf6 2. Nf3 e6 3. c4 c5 4. d5 exd5 5. cxd5 d6 6. Nc3 g6 7. Nd2 Bg7 8. Nc4 0-0 9. Bf4 Ne8 10. e3 a6 11. a4 b6 12. Qb3 Nd7 13. Nxd6 Nxd6 14. Bxd6 Re8 15. Bg3 Bb7 16. Rd1 Rc8 17. Bc4 Qf6 18. 0-0 Red8 19. e4 h5 20. f4 Re8 21. e5 Qf5 22. h3 Nf8 23. Qxb6 Qd7 24. e6 fxe6 25. dxe6 Qe7 26. Rd7 1-0

[Event "POL-chT 2nd League"]
[Site "Lazy"]
[Date "2012.09.09"]
[Round "9"]
[White "Zyla, Janusz"]
[Black "Kulon, Klaudia"]
[Result "1/2-1/2"]
[WhiteElo "2199"]
[BlackElo "2264"]
[PlyCount "143"]
[EventDate "2012.09.01"]
[EventType "team-swiss"]
[EventRounds "9"]
[EventCountry "POL"]
[SourceTitle "EXT 2019"]
[Source "ChessBase"]
[SourceDate "2018.10.10"]
[SourceVersion "1"]
[SourceVersionDate "2018.10.10"]
[SourceQuality "1"]
[WhiteTeam "Gant Hetman"]
[BlackTeam "Koszalin Hetman Politechnika"]
[WhiteTeamCountry "POL"]
[BlackTeamCountry "POL"]

1. e4 c5 2. Nc3 Nc6 3. Nge2 d6 4. d4 cxd4 5. Nxd4 Nf6 6. Bc4 e6 7. Be3 a6 8. Bb3 Be7 9. f4 Qc7 10. 0-0 0-0 11. f5 Nxd4 12. Bxd4 b5 13. a3 e5 14. Bf2 Bb7 15. Bh4 Nxe4 16. Bxe7 Qxe7 17. Nxe4 Bxe4 18. Qg4 d5 19. f6 Qc5+ 20. Kh1 Bg6 21. h4 h5 22. Qg5 Rfe8 23. g4 Kh7 24. Rae1 Qd4 25. gxh5 Be4+ 26. Kh2 Rg8 27. Re2 gxf6 28. Qxf6 Raf8 29. Ref2 Qe3 30. Qxe5 f6 31. Qf4 Qxf4+ 32. Rxf4 Rg2+ 33. Kh3 Rfg8 34. R4f3 Bxf3 35. Rxf3 Rg1 36. Kh2 a5 37. Bxd5 R8g2+ 38. Kh3 Rg7 39. Be4+ Kh8 40. Rxf6 R1g3+ 41. Kh2 R3g4 42. Bg6 Re7 43. Kh3 Rd4 44. h6 Re3+ 45. Kg2 Rd2+ 46. Kf1 Rd8 47. Kf2 Re5 48. Kf3 Red5 49. h5 R5d6 50. Rf7 R6d7 51. Rf6 Rd6 52. Rf7 R6d7 53. Rf5 Rd5 54. Rf4 Rd4 55. Rf5 R4d5 56. Rf4 Rd4 57. Be4 Re8 58. b3 a4 59. b4 Rc4 60. Bd3 Rxf4+ 61. Kxf4 Rc8 62. Ke5 Rc3 63. Kd4 Rxa3 64. Bxb5 Ra1 65. Kc3 a3 66. Bc4 Rb1 67. Ba2 Rb2 68. Bb3 Rb1 69. Kc4 Kh7 70. b5 Kxh6 71. b6 a2 72. Bxa2 1/2-1/2

[Event "POL-chT 2st League"]
[Site "Mrzezyno"]
[Date "2010.09.10"]
[Round "7.38"]
[White "Paprocki, Jaroslaw"]
[Black "Zyla, Janusz"]
[Result "1-0"]
[WhiteElo "2214"]
[BlackElo "2220"]
[PlyCount "59"]
[EventDate "2010.09.04"]
[EventType "team-swiss"]
[EventRounds "9"]
[EventCountry "POL"]
[SourceTitle "EXT 2019"]
[Source "ChessBase"]
[SourceDate "2018.10.10"]
[SourceVersion "1"]
[SourceVersionDate "2018.10.10"]
[SourceQuality "1"]
[WhiteTeam "Klub Szachowy Torfarm 64"]
[BlackTeam "Wroclaw Hetman"]
[WhiteTeamCountry "POL"]
[BlackTeamCountry "POL"]

1. e4 c5 2. Nc3 Nc6 3. f4 g6 4. Nf3 Bg7 5. Bb5 Nd4 6. 0-0 e6 7. a4 Ne7 8. Nxd4 cxd4 9. Ne2 0-0 10. c3 a6 11. Bd3 Nc6 12. b3 d5 13. Ba3 Re8 14. e5 dxc3 15. dxc3 f6 16. exf6 Bxf6 17. Qc2 Bd7 18. Rf3 Ne7 19. Bc5 Nf5 20. Bxf5 exf5 21. Qd2 Bc6 22. Bd4 Re4 23. Ng3 Bxd4+ 24. cxd4 Qb6 25. Nxe4 dxe4 26. Rc3 Rd8 27. Rd1 Bd5 28. Kf2 a5 29. Ke3 Qd6 30. g3 1-0

[Event "POL-chT 2nd League"]
[Site "Miedzyzdroje"]
[Date "2009.09.18"]
[Round "7"]
[White "Zyla, Janusz"]
[Black "Borgula, Rafal"]
[Result "1/2-1/2"]
[WhiteElo "2236"]
[BlackElo "2304"]
[PlyCount "85"]
[EventDate "2009.09.12"]
[EventType "team-swiss"]
[EventRounds "9"]
[EventCountry "POL"]
[SourceTitle "EXT 2019"]
[Source "ChessBase"]
[SourceDate "2018.10.10"]
[SourceVersion "1"]
[SourceVersionDate "2018.10.10"]
[SourceQuality "1"]
[WhiteTeam "Wroclaw Hetman"]
[BlackTeam "Znin Baszta"]
[WhiteTeamCountry "POL"]
[BlackTeamCountry "POL"]

1. e4 c5 2. Nf3 Nc6 3. d4 cxd4 4. Nxd4 Nf6 5. Nc3 e5 6. Ndb5 d6 7. Bg5 a6 8. Na3 b5 9. Bxf6 gxf6 10. Nd5 f5 11. Bd3 Be6 12. 0-0 Bg7 13. Qh5 f4 14. c3 0-0 15. Nc2 Ra7 16. a4 bxa4 17. Rxa4 a5 18. b4 axb4 19. Rxa7 Nxa7 20. Ncxb4 Nc8 21. Ra1 Qd7 22. Ra8 Qb7 23. Ra6 Kh8 24. h3 Qd7 25. Qe2 Qb7 26. Qa2 Qd7 27. Qa5 Bxh3 28. f3 Be6 29. Ra8 f5 30. Nc7 Bg8 31. Nbd5 fxe4 32. Bxe4 Ne7 33. Rxf8 Bxf8 34. Nf6 Qd8 35. Nxg8 Nxg8 36. Qa7 Nf6 37. Ne6 Qe7 38. Qa8 Qxe6 39. Qxf8+ Ng8 40. Qa8 d5 41. Qxd5 Qxd5 42. Bxd5 Nf6 43. Bc6 1/2-1/2

[Event "POL-chT 2nd League"]
[Site "Miedzyzdroje"]
[Date "2009.09.15"]
[Round "4"]
[White "Zyla, Janusz"]
[Black "Walaszczyk, Witold"]
[Result "0-1"]
[WhiteElo "2236"]
[BlackElo "2248"]
[PlyCount "62"]
[EventDate "2009.09.12"]
[EventType "team-swiss"]
[EventRounds "9"]
[EventCountry "POL"]
[SourceTitle "EXT 2019"]
[Source "ChessBase"]
[SourceDate "2018.10.10"]
[SourceVersion "1"]
[SourceVersionDate "2018.10.10"]
[SourceQuality "1"]
[WhiteTeam "Wroclaw Hetman"]
[BlackTeam "Konin Hetman"]
[WhiteTeamCountry "POL"]
[BlackTeamCountry "POL"]

1. e4 d6 2. d4 g6 3. Nc3 Bg7 4. f4 a6 5. Nf3 b5 6. Bd3 Bb7 7. e5 e6 8. 0-0 Nd7 9. a4 b4 10. Ne4 Bxe4 11. Bxe4 d5 12. Bd3 c5 13. dxc5 Nxc5 14. Be2 Ne7 15. Be3 Qa5 16. Qd4 Rc8 17. g4 0-0 18. Rfc1 Rc7 19. Qd1 f6 20. Kg2 fxe5 21. fxe5 Nc6 22. Qg1 Nd7 23. Ng5 Nd8 24. Nf3 Rc6 25. Nd4 Rc8 26. Nb3 Qc7 27. Bxa6 Ra8 28. Bd3 Nxe5 29. Be2 Nc4 30. c3 Qe5 31. Bxc4 Qe4+ 0-1

[Event "POL-chT 2nd League"]
[Site "Miedzyzdroje"]
[Date "2009.09.13"]
[Round "2"]
[White "Zyla, Janusz"]
[Black "Orzechowski, Jacek"]
[Result "1/2-1/2"]
[WhiteElo "2236"]
[BlackElo "2286"]
[PlyCount "115"]
[EventDate "2009.09.12"]
[EventType "team-swiss"]
[EventRounds "9"]
[EventCountry "POL"]
[SourceTitle "EXT 2019"]
[Source "ChessBase"]
[SourceDate "2018.10.10"]
[SourceVersion "1"]
[SourceVersionDate "2018.10.10"]
[SourceQuality "1"]
[WhiteTeam "Wroclaw Hetman"]
[BlackTeam "Raciborz KSz Silesia"]
[WhiteTeamCountry "POL"]
[BlackTeamCountry "POL"]

1. e4 d6 2. d4 Nf6 3. Nc3 Nbd7 4. f4 e5 5. Nf3 exd4 6. Qxd4 c6 7. a4 d5 8. exd5 Bc5 9. Qd3 0-0 10. Be2 Re8 11. Rf1 cxd5 12. Ne5 Qe7 13. Be3 Bxe3 14. Qxe3 Nxe5 15. fxe5 Qxe5 16. Qxe5 Rxe5 17. 0-0-0 Bf5 18. Bf3 Be4 19. Rd4 h5 20. Rfd1 Rc8 21. R1d2 Bxf3 22. gxf3 Re1+ 23. Rd1 Rxd1+ 24. Kxd1 Rd8 25. Ne4 Nxe4 26. fxe4 Kf8 27. exd5 Ke7 28. c4 Kd6 29. b3 Ke5 30. Rd2 f5 31. h4 a5 32. Rg2 Rd7 33. Rg6 Kd4 34. Kd2 f4 35. Ke2 Ke4 36. Re6+ Kf5 37. Kf3 g5 38. hxg5 Kxg5 39. Re5+ Kg6 40. Kxf4 Rf7+ 41. Kg3 Rf1 42. Re7 b6 43. Re6+ Kg5 44. Rxb6 h4+ 45. Kg2 Rd1 46. Rb8 Rd3 47. Kf2 h3 48. Ke2 h2 49. Rh8 Rxb3 50. d6 Rb8 51. Rh3 Rb2+ 52. Kf1 Rd2 53. c5 Kf6 54. d7 Rxd7 55. Rxh2 Rd1+ 56. Ke2 Rc1 57. Rh5 Rc4 58. c6 1/2-1/2

[Event "MK Cafe Cup-B"]
[Site "Koszalin"]
[Date "1999.08.11"]
[Round "8"]
[White "Kolago, Marcin"]
[Black "Zyla, Janusz"]
[Result "1/2-1/2"]
[WhiteElo "2190"]
[BlackElo "2336"]
[PlyCount "83"]
[EventDate "1999.08.03"]
[EventType "swiss"]
[EventRounds "10"]
[EventCountry "POL"]
[SourceTitle "EXT 2000"]
[Source "ChessBase"]
[SourceDate "1999.11.16"]
[SourceVersion "1"]
[SourceVersionDate "1999.11.16"]
[SourceQuality "1"]

1. e4 c5 2. c3 d5 3. exd5 Qxd5 4. d4 Nf6 5. Nf3 e6 6. Na3 Nc6 7. Nb5 Qd8 8. dxc5 Bxc5 9. Qxd8+ Kxd8 10. Bf4 Ne4 11. Rd1+ Ke7 12. Nbd4 Nxd4 13. Nxd4 f6 14. Bd3 Nd6 15. Nb3 Bb6 16. Bxd6+ Kxd6 17. Bxh7+ Ke7 18. Bd3 e5 19. Be4 Rb8 20. Rd2 g5 21. f3 Be6 22. Bd5 Bf5 23. h3 a5 24. Ke2 Bd7 25. Rhd1 f5 26. Bc4 Bc6 27. Rd6 a4 28. Re6+ Kf8 29. Nc1 e4 30. fxe4 fxe4 31. Bd5 Re8 32. Rxe8+ Kxe8 33. Bxc6+ bxc6 34. Rd6 Rf8 35. Rxc6 Rf2+ 36. Ke1 Rxb2 37. Re6+ Kd7 38. Rxe4 Rxg2 39. Rxa4 Rg3 40. Rg4 Rxc3 41. Ne2 Rxh3 42. Rxg5 1/2-1/2

[Event "MK Cafe Cup-B"]
[Site "Koszalin"]
[Date "1999.08.06"]
[Round "4"]
[White "Jonczyk, Jerzy"]
[Black "Zyla, Janusz"]
[Result "1-0"]
[WhiteElo "2185"]
[BlackElo "2336"]
[PlyCount "81"]
[EventDate "1999.08.03"]
[EventType "swiss"]
[EventRounds "10"]
[EventCountry "POL"]
[SourceTitle "EXT 2000"]
[Source "ChessBase"]
[SourceDate "1999.11.16"]
[SourceVersion "1"]
[SourceVersionDate "1999.11.16"]
[SourceQuality "1"]

1. d4 Nf6 2. Nf3 d6 3. c3 Nbd7 4. Bf4 c5 5. Nbd2 g6 6. e3 Nh5 7. Bg5 h6 8. Bh4 g5 9. Bg3 Bg7 10. Bc4 Nxg3 11. hxg3 Rb8 12. Nxg5 e6 13. Ngf3 b5 14. Bd3 Qc7 15. Rc1 a6 16. g4 Bb7 17. Be4 d5 18. Bb1 Ke7 19. Qe2 Rbg8 20. Nb3 Qb6 21. e4 Rc8 22. dxc5 Nxc5 23. Nxc5 Qxc5 24. 0-0 Qc4 25. Bd3 Qc7 26. e5 d4 27. cxd4 Qxc1 28. Rxc1 Rxc1+ 29. Kh2 Bxf3 30. Qxf3 Rc7 31. a4 Rb8 32. axb5 axb5 33. Qe4 Kf8 34. f4 Rd7 35. f5 Rbd8 36. f6 Rxd4 37. fxg7+ Kxg7 38. Qh7+ Kf8 39. Qxh6+ Ke7 40. Qf6+ Kf8 41. Bxb5 1-0

[Event "MK Cafe Cup-B"]
[Site "Koszalin"]
[Date "1999.08.05"]
[Round "3"]
[White "Zyla, Janusz"]
[Black "Yevseev, Denis"]
[Result "0-1"]
[WhiteElo "2336"]
[BlackElo "2539"]
[PlyCount "108"]
[EventDate "1999.08.03"]
[EventType "swiss"]
[EventRounds "10"]
[EventCountry "POL"]
[SourceTitle "EXT 2000"]
[Source "ChessBase"]
[SourceDate "1999.11.16"]
[SourceVersion "1"]
[SourceVersionDate "1999.11.16"]
[SourceQuality "1"]

1. e4 c6 2. c4 d5 3. cxd5 cxd5 4. exd5 Nf6 5. Nc3 Nxd5 6. Bc4 Nb6 7. Bb3 Nc6 8. Nf3 Bf5 9. d4 e6 10. 0-0 Be7 11. Be3 0-0 12. d5 exd5 13. Nxd5 Nxd5 14. Qxd5 Qxd5 15. Bxd5 Nb4 16. Bxb7 Rab8 17. Nd4 Bd3 18. Bf3 Bxf1 19. Rxf1 Bf6 20. a3 Rfd8 21. Rd1 Bxd4 22. Rxd4 Rxd4 23. Bxd4 Nc2 24. Bxa7 Rxb2 25. h4 Nxa3 26. g3 Nc4 27. Bd5 Nd6 28. Kg2 h5 29. Bf3 g6 30. Be3 Nf5 31. Bc5 Kg7 32. Be4 Kf6 33. Bf3 Ke5 34. Ba8 Rb5 35. Ba7 Kd6 36. Kh2 Kc7 37. Be4 Ra5 38. Bxf5 Rxf5 39. Kg2 Kd6 40. f3 Ra5 41. Bb6 Ra2+ 42. Kf1 Ke5 43. Bc7+ Kf5 44. Bd6 f6 45. Bc7 g5 46. hxg5 fxg5 47. Bd8 g4 48. f4 Ke4 49. Bh4 Kf3 50. Ke1 Re2+ 51. Kf1 Rh2 52. Kg1 Rxh4 53. gxh4 Kxf4 54. Kg2 Ke4 0-1

[Event "Swidnica op"]
[Site "Swidnica"]
[Date "1999.06.30"]
[Round "3"]
[White "Zyla, Janusz"]
[Black "Sulskis, Sarunas"]
[Result "1/2-1/2"]
[WhiteElo "2329"]
[BlackElo "2568"]
[PlyCount "94"]
[EventDate "1999.06.28"]
[EventType "swiss"]
[EventRounds "9"]
[EventCountry "POL"]
[SourceTitle "EXT 2000"]
[Source "ChessBase"]
[SourceDate "1999.11.16"]
[SourceVersion "1"]
[SourceVersionDate "1999.11.16"]
[SourceQuality "1"]

1. e4 c5 2. Nf3 e6 3. d4 cxd4 4. Nxd4 Nf6 5. Nc3 Bb4 6. e5 Nd5 7. Bd2 Nxc3 8. bxc3 Be7 9. Qg4 Kf8 10. Bd3 h5 11. Qe4 d5 12. exd6 Bxd6 13. 0-0 Nd7 14. Nb5 Bb8 15. c4 Nf6 16. Qh4 a6 17. Nc3 Bd7 18. Ne4 Bc6 19. Bg5 Be5 20. Rab1 Qa5 21. Nxf6 gxf6 22. Bxf6 Rg8 23. f3 Bxf6 24. Qxf6 Qg5 25. Qxg5 Rxg5 26. h4 Ra5 27. Rb2 Ke7 28. Kf2 f5 29. Re1 Kf6 30. f4 Rg8 31. g3 e5 32. Rxe5 Rxe5 33. fxe5+ Kxe5 34. Rb1 f4 35. Re1+ Kd4 36. gxf4 Rg2+ 37. Kf1 Rg4 38. f5 Rxh4 39. Re6 Rg4 40. Rh6 h4 41. f6 h3 42. f7 Rf4+ 43. Ke2 Rxf7 44. Rxh3 Bg2 45. Rg3 Bf1+ 46. Kd2 Bxd3 47. Rxd3+ Kxc4 1/2-1/2

[Event "Krakow op-A"]
[Site "Krakow"]
[Date "1999.??.??"]
[Round "?"]
[White "Bartel, Mateusz"]
[Black "Zyla, Janusz"]
[Result "0-1"]
[WhiteElo "2260"]
[BlackElo "2329"]
[PlyCount "128"]
[EventDate "1999.??.??"]
[EventType "swiss"]
[EventRounds "11"]
[EventCountry "POL"]
[SourceTitle "EXT 2002"]
[Source "ChessBase"]
[SourceDate "2001.11.25"]
[SourceVersion "1"]
[SourceVersionDate "2001.11.25"]
[SourceQuality "1"]

1. e4 c5 2. Ne2 Nc6 3. g3 g6 4. Bg2 Bg7 5. c3 e5 6. 0-0 Nge7 7. f4 d6 8. d3 0-0 9. Be3 Bg4 10. h3 exf4 11. gxf4 Be6 12. Nd2 Qd7 13. Kh2 f5 14. Nf3 h6 15. Qd2 b6 16. Ng3 Rad8 17. Nh4 Kh7 18. d4 cxd4 19. cxd4 Na5 20. b3 d5 21. e5 Rc8 22. Bf3 Rc7 23. Qg2 Rfc8 24. Rf2 Rc3 25. Bd2 Rd3 26. Rg1 Bh8 27. Bb4 Nac6 28. Bxe7 Nxe7 29. Ne2 Bf7 30. Qf1 Rc2 31. Nc1 Rdc3 32. Rxc2 Rxc2+ 33. Rg2 Qc7 34. Nd3 Qc3 35. Rxc2 Qxc2+ 36. Qe2 Qc3 37. Qe3 Be8 38. Be2 Nc6 39. Nf3 Nb4 40. Qd2 Qxd2 41. Nxd2 Nxa2 42. Bf3 Bb5 43. Ne1 Nb4 44. Nb1 Kg8 45. Na3 Bc6 46. Nec2 Nd3 47. Ne3 Nxf4 48. Kg3 Ne6 49. Nxd5 Kf7 50. Nc2 Nxd4 51. Nxd4 Bxe5+ 52. Nf4 Bxf3 53. Nxf3 Bb8 54. Nd4 g5 55. Nxf5 h5 56. Kf3 Bxf4 57. h4 Kf6 58. Nd4 a5 59. hxg5+ Bxg5 60. Nb5 Ke5 61. Na3 Kd4 62. Nb5+ Kc5 63. Nc3 Bd8 64. Na2 Kd4 0-1

[Event "MK Cafe Cup-B"]
[Site "Koszalin"]
[Date "1998.??.??"]
[Round "2"]
[White "Kolosowski, Pawel"]
[Black "Zyla, Janusz"]
[Result "0-1"]
[WhiteElo "2155"]
[BlackElo "2300"]
[PlyCount "76"]
[EventDate "1998.08.??"]
[EventType "swiss"]
[EventRounds "10"]
[EventCountry "POL"]
[SourceTitle "EXT 1999"]
[Source "ChessBase"]
[SourceDate "1998.11.16"]
[SourceVersion "1"]
[SourceVersionDate "1998.11.16"]
[SourceQuality "1"]

1. e4 c5 2. Nf3 e6 3. d3 d5 4. Nbd2 Nc6 5. g3 Nf6 6. Bg2 Be7 7. 0-0 0-0 8. Re1 b5 9. h4 a5 10. e5 Nd7 11. Nf1 b4 12. Bf4 a4 13. a3 bxa3 14. bxa3 Rb8 15. Ne3 Rb2 16. c4 Nb6 17. Nd2 Nd4 18. Qc1 Rxd2 19. Qxd2 dxc4 20. Rad1 Ba6 21. Qa5 Bc8 22. dxc4 Qc7 23. Rb1 Nb3 24. Qc3 h6 25. Ng4 Rd8 26. Bxh6 Rd4 27. Qf3 Nxc4 28. Nf6+ gxf6 29. exf6 Ncd2 30. Qh5 Bxf6 31. Rbd1 Bb7 32. Bf4 Qd7 33. Be5 Bxe5 34. Qxe5 Bxg2 35. Qg5+ Kf8 36. Kxg2 Qd5+ 37. Qxd5 exd5 38. Re2 c4 0-1

[Event "Krakow op-A"]
[Site "Krakow"]
[Date "1998.??.??"]
[Round "?"]
[White "Popek, Tomasz"]
[Black "Zyla, Janusz"]
[Result "0-1"]
[WhiteElo "2100"]
[BlackElo "2300"]
[PlyCount "86"]
[EventDate "1998.??.??"]
[EventType "swiss"]
[EventRounds "9"]
[EventCountry "POL"]
[SourceTitle "EXT 2002"]
[Source "ChessBase"]
[SourceDate "2001.11.25"]
[SourceVersion "1"]
[SourceVersionDate "2001.11.25"]
[SourceQuality "1"]

1. e4 c5 2. Nc3 Nc6 3. g3 g6 4. Bg2 Bg7 5. d3 Rb8 6. Be3 d6 7. Qd2 b5 8. Nf3 b4 9. Nd1 Qa5 10. 0-0 Nd4 11. a3 Bg4 12. Bxd4 cxd4 13. Ne1 Nf6 14. f3 Be6 15. Rb1 0-0 16. axb4 Rxb4 17. b3 Ra4 18. Qxa5 Rxa5 19. h3 Nh5 20. Kf2 Rg5 21. g4 Nf4 22. Ra1 a5 23. Kg3 Rc5 24. Nb2 Be5 25. Kf2 Rfc8 26. Nc4 Bxc4 27. dxc4 d3 28. Nxd3 Bd4+ 29. Kg3 Nxd3 30. cxd3 Bxa1 31. Rxa1 e5 32. Bf1 Rb8 33. Ra3 Rb4 34. Be2 a4 35. bxa4 Ra5 36. Bd1 Rb2 37. Bb3 g5 38. c5 dxc5 39. Bd5 Kf8 40. h4 h6 41. Rc3 Rxa4 42. Rxc5 Rb1 43. hxg5 hxg5 0-1